000
00301nam a2200097 a 4500
005
20200930070045.0
008
110818s1940 000 spa d
245
0
_a
Españoles ilustres residentes en la República Dominicana.
260
_a
Ciudad Trujillo, República Dominicana,
_c
1940.
999
_c
32634
_d
32634
040
_a
DO-SdBNP